000 004870000a22001930004500
001 000798
003 MACL
005 20151015161906.0
008 151015b xxu||||| |||| 00| 0 eng d
040 _aMACL
_cMACL
041 _aEnglish
082 _a920/AMI
100 _aHans, Staffner S.J.
_915084
245 _aBaba Amte
_bA Vision On New India
_cStaffner S.J. Hans
260 _aMumbai
_c2000
_bPopular Prakashan,
350 _a250
650 _aBiography
_915085
942 _k920
_cBK
_2ddc
999 _c796
_d796